[Event "WCO2014"]
[Site "Tromso"]
[Date "2014.08.09"]
[Round "7.33"]
[WhiteID "3407128"]
[White "Salinas Herrera Pablo"]
[BlackID "13900161"]
[Black "Sanduleac Vasile"]
[Result "1-0"]
[LiveChessVersion "1.4.3"]
[BlackElo "2396"]
[WhiteElo "2398"]

1. e4 {[%clk 1:30:56]} g6 {[%clk 1:30:49]} 2. d4 {[%clk 1:30:57]} Bg7
{[%clk 1:31:13]} 3. Nf3 {[%clk 1:31:14]} d6 {[%clk 1:31:34]} 4. Be2
{[%clk 1:31:35]} Nf6 {[%clk 1:30:51]} 5. Nc3 {[%clk 1:31:59]} O-O
{[%clk 1:30:37]} 6. O-O {[%clk 1:32:05]} c6 {[%clk 1:30:37]} 7. a4
{[%clk 1:28:51]} Qc7 {[%clk 1:29:50]} 8. Re1 {[%clk 1:25:08]} Nbd7
{[%clk 1:29:11]} 9. Bf1 {[%clk 1:22:44]} e5 {[%clk 1:27:51]} 10. a5
{[%clk 1:20:20]} Re8 {[%clk 1:26:09]} 11. g3 {[%clk 0:50:44]} Nf8
{[%clk 1:20:17]} 12. h3 {[%clk 0:48:00]} Bd7 {[%clk 1:15:44]} 13. Bg2
{[%clk 0:45:26]} exd4 {[%clk 0:53:03]} 14. Nxd4 {[%clk 0:45:44]} a6
{[%clk 0:53:19]} 15. Nde2 {[%clk 0:40:29]} Ne6 {[%clk 0:47:56]} 16. Be3
{[%clk 0:38:40]} c5 {[%clk 0:45:48]} 17. Nf4 {[%clk 0:34:53]} Bc6
{[%clk 0:44:58]} 18. Nfd5 {[%clk 0:25:16]} Bxd5 {[%clk 0:44:34]} 19. Nxd5
{[%clk 0:22:11]} Nxd5 {[%clk 0:44:57]} 20. exd5 {[%clk 0:22:39]} Nf8
{[%clk 0:44:27]} 21. c3 {[%clk 0:22:45]} Nd7 {[%clk 0:42:12]} 22. Qa4
{[%clk 0:22:01]} h6 {[%clk 0:34:00]} 23. Bf4 {[%clk 0:19:27]} Kf8
{[%clk 0:31:55]} 24. Rac1 {[%clk 0:18:03]} Ne5 {[%clk 0:28:24]} 25. Red1
{[%clk 0:15:16]} Re7 {[%clk 0:27:16]} 26. h4 {[%clk 0:14:03]} Rae8
{[%clk 0:26:25]} 27. b3 {[%clk 0:13:24]} Nd7 {[%clk 0:24:32]} 28. Bf3
{[%clk 0:11:57]} Nf6 {[%clk 0:22:30]} 29. b4 {[%clk 0:11:50]} Ne4
{[%clk 0:21:21]} 30. bxc5 {[%clk 0:10:23]} Qxc5 {[%clk 0:19:52]} 31. Bxe4
{[%clk 0:04:34]} Rxe4 {[%clk 0:20:03]} 32. Qd7 {[%clk 0:05:02]} Be5
{[%clk 0:08:26]} 33. Bxh6+ {[%clk 0:05:17]} Bg7 {[%clk 0:08:50]} 34. Bf4
{[%clk 0:05:34]} Be5 {[%clk 0:09:06]} 35. Bh6+ {[%clk 0:05:04]} Bg7
{[%clk 0:09:29]} 36. Bxg7+ {[%clk 0:05:19]} Kxg7 {[%clk 0:09:53]} 37. Qxb7
{[%clk 0:05:18]} Rg4 {[%clk 0:07:12]} 38. Rd3 {[%clk 0:04:53]} Re2
{[%clk 0:06:56]} 39. Rf1 {[%clk 0:05:19]} Rge4 {[%clk 0:06:10]} 40. Qxa6
{[%clk 0:01:33]} Ra2 {[%clk 0:05:15]} 41. Qc6 {[%clk 0:00:45]} Rxa5
{[%clk 0:03:35]} 42. Qxc5 {[%clk 0:27:58]} Rxc5 {[%clk 0:29:42]} 43. Rb1
{[%clk 0:26:28]} Re5 {[%clk 0:27:09]} 44. c4 {[%clk 0:25:03]} Rxc4
{[%clk 0:23:55]} 45. Rb6 {[%clk 0:25:21]} Rf5 {[%clk 0:24:04]} 46. Rxd6
{[%clk 0:25:28]} Rc2 {[%clk 0:24:29]} 47. f4 {[%clk 0:25:20]} Rh5
{[%clk 0:24:48]} 48. Rc6 {[%clk 0:24:17]} Rxd5 {[%clk 0:25:10]} 49. Rxg6+
{[%clk 0:24:43]} Kxg6 {[%clk 0:24:27]} 50. Rxd5 {[%clk 0:25:04]} f5
{[%clk 0:24:19]} 51. Kf1 {[%clk 0:25:00]} Ra2 {[%clk 0:24:37]} 52. Re5
{[%clk 0:25:26]} Rb2 {[%clk 0:24:48]} 53. Re2 {[%clk 0:25:44]} Rb3
{[%clk 0:24:44]} 54. Kg2 {[%clk 0:26:09]} Ra3 {[%clk 0:24:41]} 55. Re6+
{[%clk 0:25:59]} Kh5 {[%clk 0:25:04]} 56. Re8 {[%clk 0:26:27]} Ra2+
{[%clk 0:24:56]} 57. Kh3 {[%clk 0:26:53]} Ra1 {[%clk 0:25:22]} 58. Rg8
{[%clk 0:27:06]} Ra5 {[%clk 0:25:28]} 59. Rg5+ {[%clk 0:27:34]} Kh6
{[%clk 0:25:53]} 60. h5 {[%clk 0:28:02]} 1-0

[Event "WCO2014"]
[Site "Tromso"]
[Date "2014.08.09"]
[Round "7.17"]
[WhiteID "14300192"]
[White "Solomon Kenny"]
[BlackID "8100977"]
[Black "Ali Sebbar"]
[Result "0-1"]
[LiveChessVersion "1.4.3"]
[BlackElo "2387"]
[WhiteElo "2378"]

1. Nf3 {[%clk 1:30:57]} Nf6 {[%clk 1:30:53]} 2. c4 {[%clk 1:31:22]} e6
{[%clk 1:31:19]} 3. d4 {[%clk 1:31:47]} d5 {[%clk 1:31:45]} 4. Nc3
{[%clk 1:32:11]} c5 {[%clk 1:32:05]} 5. cxd5 {[%clk 1:32:34]} Nxd5
{[%clk 1:32:30]} 6. e3 {[%clk 1:30:12]} Nc6 {[%clk 1:32:05]} 7. Bc4
{[%clk 1:26:58]} Nxc3 {[%clk 1:30:46]} 8. bxc3 {[%clk 1:27:25]} Be7
{[%clk 1:30:56]} 9. O-O {[%clk 1:25:53]} O-O {[%clk 1:31:23]} 10. e4
{[%clk 1:18:06]} b6 {[%clk 1:28:17]} 11. Be3 {[%clk 1:15:11]} cxd4
{[%clk 1:25:04]} 12. cxd4 {[%clk 1:15:30]} Bb7 {[%clk 1:25:27]} 13. Qe2
{[%clk 1:03:39]} Rc8 {[%clk 1:04:10]} 14. Rfd1 {[%clk 0:32:53]} Qc7
{[%clk 0:51:14]} 15. Rac1 {[%clk 0:28:36]} Ba3 {[%clk 0:36:13]} 16. Rc3
{[%clk 0:13:38]} Na5 {[%clk 0:35:54]} 17. Rxa3 {[%clk 0:13:29]} Qxc4
{[%clk 0:36:06]} 18. Qxc4 {[%clk 0:13:20]} Nxc4 {[%clk 0:30:48]} 19. Rxa7
{[%clk 0:13:40]} Bxe4 {[%clk 0:30:44]} 20. Nd2 {[%clk 0:09:38]} Nxe3
{[%clk 0:22:45]} 21. fxe3 {[%clk 0:10:05]} Bd5 {[%clk 0:22:46]} 22. e4
{[%clk 0:03:51]} Ba8 {[%clk 0:22:58]} 23. Re1 {[%clk 0:04:19]} h6
{[%clk 0:12:50]} 24. Nf3 {[%clk 0:03:56]} Rc4 {[%clk 0:12:29]} 25. Kf2
{[%clk 0:01:22]} b5 {[%clk 0:12:42]} 26. Re3 {[%clk 0:00:41]} Rfc8
{[%clk 0:10:19]} 27. a3 {[%clk 0:00:36]} Ra4 {[%clk 0:08:33]} 28. Rxa4
{[%clk 0:00:35]} bxa4 {[%clk 0:09:02]} 29. Ne1 {[%clk 0:00:34]} Rc4
{[%clk 0:09:06]} 30. Nf3 {[%clk 0:00:35]} g5 {[%clk 0:07:16]} 31. h3
{[%clk 0:00:42]} Kg7 {[%clk 0:07:30]} 32. g4 {[%clk 0:00:57]} Rc2+
{[%clk 0:07:29]} 33. Ke1 {[%clk 0:00:38]} Bb7 {[%clk 0:05:48]} 34. Nd2
{[%clk 0:00:57]} Rc1+ {[%clk 0:05:45]} 35. Kf2 {[%clk 0:01:10]} Ba6
{[%clk 0:04:15]} 36. d5 {[%clk 0:00:34]} exd5 {[%clk 0:03:51]} 37. exd5
{[%clk 0:00:59]} Rd1 {[%clk 0:04:17]} 38. Ne4 {[%clk 0:01:10]} Rxd5
{[%clk 0:04:32]} 39. Ng3 {[%clk 0:00:36]} Rd2+ {[%clk 0:01:28]} 40. Ke1
{[%clk 0:00:33]} Rd3 {[%clk 0:01:01]} 41. Rxd3 {[%clk 0:21:47]} Bxd3
{[%clk 0:31:59]} 42. Kd2 {[%clk 0:21:57]} Bb5 {[%clk 0:20:54]} 43. Nf5+
{[%clk 0:17:59]} Kg6 {[%clk 0:19:07]} 44. Ke1 {[%clk 0:18:05]} Bd7
{[%clk 0:17:04]} 45. Ne7+ {[%clk 0:08:11]} Kf6 {[%clk 0:17:10]} 46. Ng8+
{[%clk 0:08:36]} Kg7 {[%clk 0:17:18]} 47. Ne7 {[%clk 0:09:03]} f5
{[%clk 0:14:30]} 48. gxf5 {[%clk 0:07:44]} Kf7 {[%clk 0:14:22]} 49. Nd5
{[%clk 0:06:15]} Bxf5 {[%clk 0:14:45]} 50. Nb6 {[%clk 0:06:09]} Bc2
{[%clk 0:11:39]} 51. Kd2 {[%clk 0:01:34]} Bb3 {[%clk 0:11:52]} 52. Nd7
{[%clk 0:01:40]} Ke6 {[%clk 0:11:05]} 53. Nc5+ {[%clk 0:02:09]} Kd5
{[%clk 0:11:21]} 54. Nd7 {[%clk 0:00:36]} Kd4 {[%clk 0:10:57]} 55. Nb6
{[%clk 0:00:38]} h5 {[%clk 0:07:03]} 56. Nd7 {[%clk 0:00:40]} h4 {[%clk 0:06:50]}
57. Ke2 {[%clk 0:00:35]} Be6 {[%clk 0:05:30]} 58. Nb6 {[%clk 0:00:52]} Bxh3
{[%clk 0:05:45]} 59. Nxa4 {[%clk 0:01:20]} Bd7 {[%clk 0:04:30]} 60. Nb2
{[%clk 0:00:57]} g4 {[%clk 0:04:40]} 61. Kf2 {[%clk 0:00:33]} Bc6
{[%clk 0:04:50]} 62. Nd1 {[%clk 0:00:33]} g3+ {[%clk 0:05:08]} 63. Ke2
{[%clk 0:00:48]} h3 {[%clk 0:04:08]} 64. Ne3 {[%clk 0:01:03]} Ke4 0-1

[Event "WCO2014"]
[Site "Tromso"]
[Date "2014.08.09"]
[Round "7.18"]
[WhiteID "9000240"]
[White "Tissir Mohamed"]
[BlackID "14300567"]
[Black "Steel Henry Robert"]
[Result "1/2-1/2"]
[LiveChessVersion "1.4.3"]
[BlackElo "2399"]
[WhiteElo "2366"]

1. e4 {[%clk 1:30:54]} c5 {[%clk 1:30:52]} 2. Nf3 {[%clk 1:31:16]} e6
{[%clk 1:31:12]} 3. d4 {[%clk 1:31:33]} cxd4 {[%clk 1:31:30]} 4. Nxd4
{[%clk 1:31:56]} Nc6 {[%clk 1:31:19]} 5. Nc3 {[%clk 1:31:27]} Qc7
{[%clk 1:31:39]} 6. f4 {[%clk 1:30:14]} a6 {[%clk 1:31:57]} 7. Nb3
{[%clk 1:30:35]} d6 {[%clk 1:31:00]} 8. Bd3 {[%clk 1:30:54]} Nf6 {[%clk 1:31:17]}
9. O-O {[%clk 1:30:04]} Be7 {[%clk 1:31:35]} 10. Qf3 {[%clk 1:30:32]} Nb4
{[%clk 1:20:53]} 11. Be3 {[%clk 1:27:32]} Bd7 {[%clk 1:17:48]} 12. a3
{[%clk 1:27:09]} Nxd3 {[%clk 1:17:48]} 13. cxd3 {[%clk 1:27:37]} Rc8
{[%clk 1:12:18]} 14. g4 {[%clk 1:07:54]} Bc6 {[%clk 1:01:49]} 15. g5
{[%clk 0:54:11]} Nd7 {[%clk 1:02:10]} 16. Nd4 {[%clk 0:54:39]} g6
{[%clk 0:51:17]} 17. Kh1 {[%clk 0:35:37]} h6 {[%clk 0:30:01]} 18. Qh3
{[%clk 0:32:14]} Nf8 {[%clk 0:23:50]} 19. Nxc6 {[%clk 0:29:30]} bxc6
{[%clk 0:22:27]} 20. f5 {[%clk 0:24:28]} h5 {[%clk 0:18:31]} 21. fxe6
{[%clk 0:23:18]} fxe6 {[%clk 0:12:57]} 22. Rf2 {[%clk 0:18:32]} e5
{[%clk 0:11:02]} 23. Raf1 {[%clk 0:12:15]} Qd7 {[%clk 0:10:29]} 24. Qf3
{[%clk 0:12:43]} Rh7 {[%clk 0:08:01]} 25. d4 {[%clk 0:10:36]} Qg4
{[%clk 0:06:58]} 26. d5 {[%clk 0:05:39]} Qxf3+ {[%clk 0:06:44]} 27. Rxf3
{[%clk 0:06:07]} c5 {[%clk 0:06:52]} 28. h4 {[%clk 0:05:19]} Rb8 {[%clk 0:07:02]}
29. Bc1 {[%clk 0:03:33]} Nd7 {[%clk 0:06:21]} 30. Na4 {[%clk 0:03:24]} Rh8
{[%clk 0:06:29]} 31. Bd2 {[%clk 0:03:00]} Rf8 {[%clk 0:05:50]} 32. Kg2
{[%clk 0:02:21]} Rb5 {[%clk 0:04:32]} 33. Rxf8+ {[%clk 0:02:29]} Bxf8
{[%clk 0:03:28]} 34. Rf3 {[%clk 0:02:57]} Be7 {[%clk 0:03:22]} 35. Kf1
{[%clk 0:03:18]} Bd8 {[%clk 0:02:29]} 36. Ke2 {[%clk 0:03:20]} Rb7
{[%clk 0:01:23]} 1/2-1/2

[Event "WCO2014"]
[Site "Tromso"]
[Date "2014.08.09"]
[Round "7.19"]
[WhiteID "14300141"]
[White "Kobese Watu"]
[BlackID "9000283"]
[Black "Onkoud Abdelaziz"]
[Result "0-1"]
[LiveChessVersion "1.4.3"]
[BlackElo "2383"]
[WhiteElo "2333"]

1. e4 {[%clk 1:30:56]} d5 {[%clk 1:30:59]} 2. exd5 {[%clk 1:31:14]} Qxd5
{[%clk 1:31:26]} 3. Nc3 {[%clk 1:31:30]} Qd6 {[%clk 1:31:55]} 4. d4
{[%clk 1:31:34]} Nf6 {[%clk 1:32:23]} 5. Nf3 {[%clk 1:31:21]} a6 {[%clk 1:32:49]}
6. Ne5 {[%clk 1:26:28]} Nc6 {[%clk 1:24:54]} 7. Nxc6 {[%clk 1:26:37]} Qxc6
{[%clk 1:25:06]} 8. d5 {[%clk 1:17:08]} Qd6 {[%clk 1:22:42]} 9. Be2
{[%clk 1:16:31]} b6 {[%clk 1:16:05]} 10. Qd4 {[%clk 1:10:46]} e5 {[%clk 1:10:59]}
11. Qa4+ {[%clk 1:10:34]} Bd7 {[%clk 1:10:14]} 12. Qh4 {[%clk 1:10:43]} Be7
{[%clk 0:57:31]} 13. Qg3 {[%clk 1:03:41]} O-O {[%clk 0:52:44]} 14. f4
{[%clk 0:32:44]} Nxd5 {[%clk 0:31:26]} 15. fxe5 {[%clk 0:20:13]} Qb4
{[%clk 0:29:13]} 16. a3 {[%clk 0:20:39]} Qd4 {[%clk 0:29:19]} 17. Nxd5
{[%clk 0:20:54]} Bh4 {[%clk 0:29:06]} 18. Nf6+ {[%clk 0:21:11]} Kh8
{[%clk 0:29:09]} 19. Be3 {[%clk 0:21:32]} Qa4 {[%clk 0:23:02]} 20. b3
{[%clk 0:00:35]} Qa5+ {[%clk 0:22:56]} 21. b4 {[%clk 0:00:46]} Qxe5
{[%clk 0:23:20]} 22. Qxh4 {[%clk 0:01:11]} Qxa1+ {[%clk 0:23:36]} 23. Kd2
{[%clk 0:01:28]} Qxf6 {[%clk 0:23:40]} 24. Qxf6 {[%clk 0:01:53]} gxf6
{[%clk 0:24:07]} 25. Bd4 {[%clk 0:02:17]} Rfe8 {[%clk 0:18:23]} 26. Bxf6+
{[%clk 0:02:46]} Kg8 {[%clk 0:18:51]} 27. Bd3 {[%clk 0:02:51]} Bc6
{[%clk 0:15:21]} 28. Rf1 {[%clk 0:02:52]} Be4 {[%clk 0:15:23]} 29. Bc4
{[%clk 0:02:49]} b5 {[%clk 0:12:40]} 30. Bb3 {[%clk 0:03:07]} Bg6
{[%clk 0:12:11]} 31. g4 {[%clk 0:02:58]} a5 {[%clk 0:11:48]} 32. h4
{[%clk 0:03:04]} a4 {[%clk 0:10:51]} 33. Ba2 {[%clk 0:03:23]} Ra6
{[%clk 0:10:02]} 34. c3 {[%clk 0:03:39]} Rd6+ {[%clk 0:06:19]} 35. Bd4
{[%clk 0:04:07]} h5 {[%clk 0:06:24]} 36. Rg1 {[%clk 0:04:02]} hxg4
{[%clk 0:05:46]} 37. Rxg4 {[%clk 0:01:50]} Re4 {[%clk 0:06:05]} 38. Rxe4
{[%clk 0:00:38]} Bxe4 {[%clk 0:06:30]} 39. Ke2 {[%clk 0:00:38]} Rg6
{[%clk 0:05:19]} 40. Ke3 {[%clk 0:00:46]} Rg4 {[%clk 0:04:41]} 41. h5
{[%clk 0:29:17]} c6 {[%clk 0:34:28]} 42. c4 {[%clk 0:29:09]} Bh7 {[%clk 0:34:01]}
43. cxb5 {[%clk 0:28:15]} Re4+ {[%clk 0:31:49]} 44. Kd3 {[%clk 0:28:43]} Rh4+
{[%clk 0:30:47]} 45. Kc4 {[%clk 0:26:59]} cxb5+ {[%clk 0:31:07]} 46. Kc5
{[%clk 0:23:54]} Rxh5+ {[%clk 0:31:33]} 47. Kb6 {[%clk 0:23:55]} Bd3
{[%clk 0:31:36]} 48. Bc5 {[%clk 0:24:10]} Kg7 {[%clk 0:30:40]} 49. Kc6
{[%clk 0:24:24]} Kg6 {[%clk 0:25:08]} 50. Kd6 {[%clk 0:24:26]} Be4
{[%clk 0:17:47]} 51. Ke7 {[%clk 0:22:31]} Rf5 {[%clk 0:16:53]} 52. Be3
{[%clk 0:22:21]} Rf3 {[%clk 0:16:59]} 53. Bd4 {[%clk 0:21:26]} Rf1
{[%clk 0:13:29]} 54. Bc5 {[%clk 0:20:22]} Rf3 {[%clk 0:10:31]} 55. Bd4
{[%clk 0:20:17]} Rxa3 {[%clk 0:10:44]} 56. Bxf7+ {[%clk 0:20:29]} Kf5
{[%clk 0:11:00]} 57. Kd6 {[%clk 0:20:32]} Rd3 {[%clk 0:09:17]} 58. Kc5
{[%clk 0:20:48]} a3 {[%clk 0:09:15]} 59. Bg8 {[%clk 0:16:49]} Rg3
{[%clk 0:08:03]} 60. Bf7 {[%clk 0:15:57]} Bd3 {[%clk 0:07:48]} 61. Be8
{[%clk 0:13:46]} Kf4 {[%clk 0:06:56]} 62. Bf6 {[%clk 0:13:42]} Rh3
{[%clk 0:06:21]} 63. Kd4 {[%clk 0:08:44]} Bc4 {[%clk 0:06:36]} 64. Kc5 a2
{[%clk 0:05:05]} 65. Bxb5 {[%clk 0:09:07]} Bxb5 {[%clk 0:05:13]} 66. Kxb5
{[%clk 0:09:35]} Rh5+ {[%clk 0:05:19]} 67. Kc4 {[%clk 0:09:23]} Re5
{[%clk 0:05:29]} 0-1

[Event "WCO2014"]
[Site "Tromso"]
[Date "2014.08.09"]
[Round "7.20"]
[WhiteID "9000623"]
[White "Hifad Rachid"]
[BlackID "14300494"]
[Black "Van Den Heever Donovan"]
[Result "1/2-1/2"]
[LiveChessVersion "1.4.3"]
[BlackElo "2289"]
[WhiteElo "2311"]

1. d4 {[%clk 1:30:52]} d5 {[%clk 1:30:39]} 2. c4 {[%clk 1:31:07]} c6
{[%clk 1:31:04]} 3. cxd5 {[%clk 1:31:11]} cxd5 {[%clk 1:31:29]} 4. Nc3
{[%clk 1:31:28]} Nf6 {[%clk 1:31:52]} 5. Bf4 {[%clk 1:31:36]} Qb6
{[%clk 1:31:53]} 6. e3 {[%clk 1:29:00]} Qxb2 {[%clk 1:26:46]} 7. Bb5+
{[%clk 1:29:23]} Nc6 {[%clk 0:50:45]} 8. Nge2 {[%clk 1:29:31]} Qb4
{[%clk 0:44:20]} 9. O-O {[%clk 1:29:41]} e6 {[%clk 0:42:36]} 10. Qc2
{[%clk 1:21:29]} Bd7 {[%clk 0:40:26]} 11. Rab1 {[%clk 1:18:18]} Qa5
{[%clk 0:40:38]} 12. Ba4 {[%clk 1:17:59]} Nb4 {[%clk 0:34:13]} 13. Bxd7+
{[%clk 1:18:01]} Nxd7 {[%clk 0:34:28]} 14. Qb3 {[%clk 1:18:26]} Nb6
{[%clk 0:29:09]} 15. a3 {[%clk 1:11:39]} Nc6 {[%clk 0:25:07]} 16. Nb5
{[%clk 1:11:54]} Rc8 {[%clk 0:25:09]} 17. Rfc1 {[%clk 0:56:58]} Be7
{[%clk 0:14:04]} 18. Rc3 {[%clk 0:33:28]} O-O {[%clk 0:10:35]} 19. Nxa7
{[%clk 0:28:49]} Qxa7 {[%clk 0:09:49]} 20. Qxb6 {[%clk 0:29:09]} Qxb6
{[%clk 0:09:32]} 21. Rxb6 {[%clk 0:29:21]} Na5 {[%clk 0:09:19]} 22. Rb5
{[%clk 0:29:18]} Rxc3 {[%clk 0:07:08]} 23. Nxc3 {[%clk 0:29:39]} Nc4
{[%clk 0:02:26]} 24. Rxb7 {[%clk 0:29:39]} Bxa3 {[%clk 0:02:52]} 25. Nb5
{[%clk 0:29:54]} Ra8 {[%clk 0:02:11]} 26. g4 {[%clk 0:29:17]} h6 {[%clk 0:02:27]}
27. Kg2 {[%clk 0:29:09]} g5 {[%clk 0:01:31]} 28. Rb8+ {[%clk 0:27:22]} Rxb8
{[%clk 0:01:56]} 29. Bxb8 {[%clk 0:27:49]} Bb4 {[%clk 0:02:06]} 30. Kf1
{[%clk 0:24:38]} Kf8 {[%clk 0:01:40]} 31. Na7 {[%clk 0:24:48]} Bd6
{[%clk 0:01:31]} 32. Bxd6+ {[%clk 0:25:09]} Nxd6 {[%clk 0:01:57]} 33. Nc6
{[%clk 0:25:31]} f6 {[%clk 0:01:04]} 34. Ke2 {[%clk 0:25:33]} Ke8
{[%clk 0:01:29]} 35. Kd3 {[%clk 0:25:39]} Kd7 {[%clk 0:01:39]} 36. Nb4
{[%clk 0:25:48]} Nc8 {[%clk 0:00:52]} 37. f3 {[%clk 0:26:05]} Kd6
{[%clk 0:01:09]} 38. e4 {[%clk 0:24:41]} Ne7 {[%clk 0:01:31]} 39. Ke3
{[%clk 0:22:40]} Ng6 {[%clk 0:01:17]} 40. exd5 {[%clk 0:22:58]} exd5
{[%clk 0:01:36]} 41. Nd3 {[%clk 0:22:57]} Ne7 {[%clk 0:20:35]} 42. f4
{[%clk 0:51:32]} Kc6 {[%clk 0:17:29]} 43. f5 {[%clk 0:44:21]} h5 {[%clk 0:15:59]}
44. h3 {[%clk 0:44:02]} hxg4 {[%clk 0:14:37]} 45. hxg4 {[%clk 0:44:19]} Ng8
{[%clk 0:12:16]} 46. Nb4+ {[%clk 0:44:41]} Kd6 {[%clk 0:12:36]} 47. Ke2
{[%clk 0:44:46]} Nh6 {[%clk 0:12:20]} 48. Kf3 {[%clk 0:45:12]} Nf7
{[%clk 0:12:30]} 49. Nc2 {[%clk 0:44:48]} Nd8 {[%clk 0:12:42]} 50. Ke2
{[%clk 0:45:07]} Nc6 {[%clk 0:11:59]} 51. Kd3 {[%clk 0:45:29]} Ne7
{[%clk 0:10:20]} 52. Kc3 {[%clk 0:44:41]} Ng8 {[%clk 0:10:42]} 53. Kb4
{[%clk 0:44:53]} Nh6 {[%clk 0:10:38]} 54. Ne3 {[%clk 0:45:17]} Kc6
{[%clk 0:10:48]} 55. Ka5 {[%clk 0:45:33]} Nf7 {[%clk 0:10:58]} 56. Nc2
{[%clk 0:45:04]} Nh6 {[%clk 0:10:51]} 57. Ne3 {[%clk 0:44:46]} Nf7
{[%clk 0:11:15]} 58. Nc2 {[%clk 0:27:56]} Nh6 {[%clk 0:10:33]} 59. Ne3
{[%clk 0:28:08]} Nf7 {[%clk 0:10:41]} 1/2-1/2

[Event "WCO2014"]
[Site "Tromso"]
[Date "2014.08.09"]
[Round "7.13"]
[WhiteID "4500024"]
[White "Ladva Ottomar"]
[BlackID "12300110"]
[Black "Hamal Manish"]
[Result "1-0"]
[LiveChessVersion "1.4.3"]
[BlackElo "2068"]
[WhiteElo "2387"]

1. d4 {[%clk 1:30:57]} Nf6 {[%clk 1:30:41]} 2. c4 {[%clk 1:31:20]} e6
{[%clk 1:31:08]} 3. Nc3 {[%clk 1:31:45]} d5 {[%clk 1:31:32]} 4. Bg5
{[%clk 1:31:42]} Be7 {[%clk 1:27:23]} 5. e3 {[%clk 1:31:25]} O-O {[%clk 1:24:11]}
6. Nf3 {[%clk 1:31:18]} Nbd7 {[%clk 1:24:19]} 7. Bd3 {[%clk 1:29:47]} h6
{[%clk 1:23:20]} 8. Bh4 {[%clk 1:29:54]} b6 {[%clk 1:22:28]} 9. cxd5
{[%clk 1:29:12]} Nxd5 {[%clk 1:22:46]} 10. Bxe7 {[%clk 1:13:59]} Qxe7
{[%clk 1:17:36]} 11. Nxd5 {[%clk 1:07:10]} exd5 {[%clk 1:17:55]} 12. Rc1
{[%clk 1:06:06]} c5 {[%clk 1:18:09]} 13. dxc5 {[%clk 1:03:48]} bxc5
{[%clk 1:16:12]} 14. O-O {[%clk 0:57:07]} Nf6 {[%clk 1:04:59]} 15. Qc2
{[%clk 0:56:44]} c4 {[%clk 1:04:43]} 16. Be2 {[%clk 0:56:43]} Bg4
{[%clk 1:04:54]} 17. Nd4 {[%clk 0:56:32]} Bxe2 {[%clk 1:02:26]} 18. Qxe2
{[%clk 0:56:55]} Qe5 {[%clk 1:02:18]} 19. b3 {[%clk 0:56:23]} Rfe8
{[%clk 1:02:22]} 20. Nf3 {[%clk 0:55:59]} Qe4 {[%clk 1:02:19]} 21. Rfd1
{[%clk 0:51:26]} cxb3 {[%clk 1:01:51]} 22. axb3 {[%clk 0:51:54]} Qb4
{[%clk 1:01:37]} 23. Nd4 {[%clk 0:51:55]} a5 {[%clk 1:00:08]} 24. Rc6
{[%clk 0:43:59]} Qe7 {[%clk 0:43:45]} 25. Qf3 {[%clk 0:41:52]} Qe4
{[%clk 0:30:35]} 26. Qh3 {[%clk 0:38:01]} Re5 {[%clk 0:29:10]} 27. Ra1
{[%clk 0:34:11]} Kh7 {[%clk 0:26:41]} 28. Qf3 {[%clk 0:29:59]} Qg6
{[%clk 0:24:38]} 29. Qd1 {[%clk 0:28:50]} Kg8 {[%clk 0:21:46]} 30. Qc2
{[%clk 0:28:19]} Qh5 {[%clk 0:21:02]} 31. h3 {[%clk 0:26:41]} Ne4
{[%clk 0:19:38]} 32. Rc8+ {[%clk 0:18:47]} Rxc8 {[%clk 0:16:05]} 33. Qxc8+
{[%clk 0:19:15]} Kh7 {[%clk 0:16:27]} 34. Nf3 {[%clk 0:18:35]} Re6
{[%clk 0:16:00]} 35. Rxa5 {[%clk 0:18:35]} Rb6 {[%clk 0:13:55]} 36. Ra8
{[%clk 0:16:07]} Nf6 {[%clk 0:08:48]} 37. g4 {[%clk 0:15:07]} 1-0

[Event "WCO2014"]
[Site "Tromso"]
[Date "2014.08.09"]
[Round "7.14"]
[WhiteID "12300403"]
[White "Rajbhandari Rijendra"]
[BlackID "4500547"]
[Black "Seeman Tarvo"]
[Result "0-1"]
[LiveChessVersion "1.4.3"]
[BlackElo "2392"]
[WhiteElo "2061"]

1. d4 {[%clk 1:30:56]} Nf6 {[%clk 1:30:51]} 2. c4 {[%clk 1:31:17]} g6
{[%clk 1:31:13]} 3. g3 {[%clk 1:31:11]} Bg7 {[%clk 1:31:34]} 4. Bg2
{[%clk 1:31:28]} O-O {[%clk 1:31:49]} 5. Nc3 {[%clk 1:31:30]} d6 {[%clk 1:32:09]}
6. Nf3 {[%clk 1:31:17]} Nc6 {[%clk 1:31:40]} 7. O-O {[%clk 1:30:42]} Bf5
{[%clk 1:31:54]} 8. d5 {[%clk 1:25:05]} Na5 {[%clk 1:32:11]} 9. Nd2
{[%clk 1:25:06]} c5 {[%clk 1:32:11]} 10. e4 {[%clk 1:25:08]} Bd7 {[%clk 1:31:33]}
11. Qc2 {[%clk 1:19:43]} a6 {[%clk 1:29:15]} 12. a4 {[%clk 1:17:59]} Rb8
{[%clk 1:19:58]} 13. Qd3 {[%clk 1:17:36]} e6 {[%clk 1:10:53]} 14. dxe6
{[%clk 1:14:17]} Bxe6 {[%clk 1:11:05]} 15. Rb1 {[%clk 1:12:57]} Ng4
{[%clk 1:02:51]} 16. b3 {[%clk 1:11:25]} Ne5 {[%clk 0:54:19]} 17. Qc2
{[%clk 1:11:47]} Nac6 {[%clk 0:54:06]} 18. Bb2 {[%clk 1:07:45]} Nd4
{[%clk 0:50:40]} 19. Qd1 {[%clk 1:07:10]} Qa5 {[%clk 0:37:44]} 20. h3
{[%clk 1:02:34]} b5 {[%clk 0:34:41]} 21. axb5 {[%clk 1:01:59]} axb5
{[%clk 0:34:59]} 22. cxb5 {[%clk 1:02:18]} Nxb5 {[%clk 0:32:28]} 23. Nxb5
{[%clk 1:00:29]} Rxb5 {[%clk 0:29:24]} 24. f4 {[%clk 1:00:34]} c4
{[%clk 0:23:07]} 25. b4 {[%clk 0:56:56]} Rxb4 {[%clk 0:21:15]} 26. fxe5
{[%clk 0:56:15]} Qb6+ {[%clk 0:19:13]} 27. Rf2 {[%clk 0:45:34]} Rb8
{[%clk 0:15:23]} 28. Nf3 {[%clk 0:41:10]} c3 {[%clk 0:14:26]} 29. Bf1
{[%clk 0:33:36]} Rxb2 {[%clk 0:13:39]} 0-1